Janusz Korczak : maestro de la humanidad /
Vida y obra de Janusz Korczak, seudónimo de Henryk Goldszmit, médico, escritor y educador judío quien se encargara de antender a huérfanos judíos en Polonia, durante la primera mitad del siglo XX; hasta que el nazismo lo llevó a los campos de concentración junto con sus alumnos. Aquí se describen la...
محفوظ في:
| المؤلف الرئيسي: | |
|---|---|
| التنسيق: | كتاب |
| اللغة: | الإسبانية |
| منشور في: |
Buenos Aires, Argentina :
Novedades Educativas,
2001, c2001
|
| الموضوعات: | |
| الوسوم: |
لا توجد وسوم, كن أول من يضع وسما على هذه التسجيلة!
|
MARC
| LEADER | 00000nam^a2200000^a^4500 | ||
|---|---|---|---|
| 001 | 000153938 | ||
| 005 | 20250521000000.0 | ||
| 009 | 20260310100336.804 | ||
| 020 | |a 987-538-043-1 | ||
| 037 | |a Acervo ITESO - Biblioteca | ||
| 041 | |a ESP | ||
| 082 | |a 361. 74092 |b NAR | ||
| 100 | |a Naranjo, Rubén |e (autor) | ||
| 245 | 1 | 0 | |a Janusz Korczak : |b maestro de la humanidad / |c R. Naranjo. |
| 264 | 4 | |a Buenos Aires, Argentina : |b Novedades Educativas, |c 2001, c2001 | |
| 300 | |a 207 p. | ||
| 336 | |a texto |b txt |2 rdacontenido | ||
| 337 | |a sin mediación |b n |2 rdamedio | ||
| 338 | |a volumen |b nc |2 rdasoporte | ||
| 520 | |a Vida y obra de Janusz Korczak, seudónimo de Henryk Goldszmit, médico, escritor y educador judío quien se encargara de antender a huérfanos judíos en Polonia, durante la primera mitad del siglo XX; hasta que el nazismo lo llevó a los campos de concentración junto con sus alumnos. Aquí se describen la organización interna de los asilos que fundara y testimonios de exinternos y exdocentes sobre sus experiencias al lado de su benefactor. | ||
| 649 | |a XX | ||
| 650 | |a Benefactores Sociales Judíos - |x Biografías | ||
| 650 | |a Benefactoes Sociales Polacos - |x Biografías | ||
| 650 | |a Huérfanos Judíos - |z Polonia - |x Condiciones Sociales y Culturales | ||
| 650 | |a Huérfanos Judíos - |z Polonia - |x Historia - |y 1940-1949 | ||
| 650 | |a Judíos en Polonia | ||
| 650 | |a Guerra Mundial (Segunda), 1939-1945 - |x Historia | ||
| 650 | |a Antisemitismo | ||
| 650 | |a Racismo | ||
| 650 | |a Nazismo | ||
| 650 | |a Genocidio | ||
| 650 | |a Política | ||
| 650 | |a Polonia - |x Historia - |y Ocupación, 1939-1945 | ||
| 650 | |a Guerra Mundial (Segunda), 1939-1945 - |x Historia | ||
| 650 | |a Asistencia Social - |z Polonia | ||
| 650 | |a Solidaridad | ||
| 650 | |a Beneficencia | ||
| 650 | |a Asistencia Social | ||
| 650 | |a Solidaridad | ||
| 650 | |a Polonia - |x Historia - |y Ocupación, 1939-1945 | ||
| 650 | |a Polonia - |x Historia - |y 1940-1949 | ||
| 650 | |a Polonia - |x Historia - |y Siglo XX | ||
| 910 | |a Fondo General | ||
| 920 | |a Impresos - Libros | ||
| 930 | |a Colección General | ||
| 905 | |a 101 | ||
| 901 | |a 0500082235 |b IT1 |c ACC |u 20250521 | ||
| 902 | |a https://opac.biblio.iteso.mx/vufind/Record/000153938 | ||